000 00840nam a2200217Ii 4500
003 JO-AjNU
008 230605s9999||||xx |||||||||||||| ||und||
017 _a1997/3799
020 _a977-03-0298-8
040 _aJO-AjNU
_bara
_erda
_cJO-AjNU
041 _aara
050 1 4 _aGV501.5.D37 1997
100 3 _aدرويس، عفاف عبد المنعم شحاتة، م.مشارك حسان، نورهان سليمان أحمد,
_eauthor
_910440
245 0 0 _aالأسس العلمية والعملية لإستخدام صندوق الخطو في التمرينات الهوائية
264 3 1 _aالاسكندرية: منشأة المعارف، 1997
300 _a124ص
336 _atext
_btxt
_2rdacontent
337 _aunmediated
_bn
_2rdamedia
338 _avolume
_bnc
_2rdacarrier
650 4 _aالتمربنات الهوائية
_910441
999 _aA1807
_c5375
_d5375